[Event "Asia-ch Amateur"]
[Site "Dubai"]
[Date "2023.08.29"]
[Round "2"]
[White "Muhammad, Shahzad"]
[Black "Pandey, Bheem Datt"]
[Result "1-0"]
[WhiteElo "1842"]
[BlackElo "1620"]
[PlyCount "89"]
[EventDate "2023.08.28"]
[EventType "swiss"]
[EventRounds "9"]
[EventCountry "UAE"]
[SourceTitle "CBM 216 Extra"]
[Source "ChessBase"]
[SourceDate "2023.11.30"]
[SourceVersion "1"]
[SourceVersionDate "2023.11.30"]
[SourceQuality "1"]

1. d4 d5 2. Nf3 Nc6 3. g3 Bg4 4. Bg2 Nf6 5. 0-0 e6 6. c4 Bxf3 7. Bxf3 Be7 8. Nc3 0-0 9. cxd5 Nxd5 10. Nxd5 exd5 11. e3 Na5 12. Bd2 c6 13. b3 b5 14. Rc1 Rc8 15. Rc2 Nb7 16. Qe2 f5 17. Rfc1 Qd7 18. Kg2 Rfe8 19. Qd3 Nd8 20. a4 a6 21. axb5 axb5 22. Ba5 Nb7 23. Bb6 Bb4 24. Ra1 Ra8 25. Rca2 Rxa2 26. Rxa2 Qe6 27. Qc2 Rc8 28. Ra7 Nd6 29. Bc7 Ne4 30. Be5 Nf6 31. Be2 Nd7 32. Bf4 Nf6 33. Bd3 g6 34. Qa2 Re8 35. Rb7 Re7 36. Rb6 Re8 37. Qa6 Rc8 38. Rxb5 Bd6 39. Rb7 Bxf4 40. gxf4 Ne4 41. Qa7 Qf6 42. Rxh7 g5 43. Bxe4 fxe4 44. Rh5 gxf4 45. Qh7+ 1-0